000 00388nam a2200157Ia 4500
999 _c5953
_d5953
003 OSt
005 20190918182351.0
008 190906s9999||||xx |||||||||||||| ||und||
020 _a 978-0321181053
040 _cmaju
100 _aThomas Connolly
245 0 _aDatabase Systems A Practical Approach to Design
260 _aUSA
_bAddison-Wesley
_c2001
300 _a1094
942 _cBK
_2ddc